000
00179nam a2200073Ia 4500
008
170617s9999 xx 000 0 und d
100
_a
Wallis-T.E
245
2
_a
A Text Book of Pharmacognosy
260
_b
Elesvir Pub
999
_c
15079
_d
15079